Canción de antiguos amantes / (Registro nro. 60550)

Detalles MARC
000 -CABECERA
Longitud fija campo de control 03762aam a2200493 i 4500
003 - • IDENTIFICADOR DELl NÚMERO DE CONTROL
Identificador del número de control CO-BoRNBP
005 - • FECHA Y HORA DE LA ÚLTIMA TRANSACCIÓN
Fecha y hora de la última transacción 20260219135714.0
007 - • CAMPO FIJO DE DESCRIPCIÓN FÍSICA
Campo fijo de descripción física ta
008 - • CÓDIGOS DE INFORMACIÓN DE LONGITUD FIJA
Códigos de información de longitud fija 220812t20222022ck gr 000 fdspa d
020 ## - • NÚMERO INTERNACIONAL NORMALIZADO PARA LIBROS
Número Internacional Normalizado para Libros (ISBN) 9786287525443
020 ## - • NÚMERO INTERNACIONAL NORMALIZADO PARA LIBROS
Número Internacional Normalizado para Libros (ISBN) 6287525444
040 ## - FUENTE DE LA CATALOGACIÓN
Centro catalogador de origen CO-BoUNC
Lengua de catalogación spa
Normas de descripción rda
Centro transcriptor CO-BoUNC
043 ## - CÓDIGO DE ÁREA GEOGRÁFICA
Código de área geográfica s-ck---
082 04 - • NÚMERO DE LA CLASIFICACIÓN DECIMAL DEWEY
Número de clasificación (R) 863.865
Número del ítem R436ca
Número de edición 23
082 04 - • NÚMERO DE LA CLASIFICACIÓN DECIMAL DEWEY
Número de clasificación (R) C863.64
Número de edición 23
082 04 - • NÚMERO DE LA CLASIFICACIÓN DECIMAL DEWEY
Número de clasificación (R) 863.865
Número del ítem R436c
Número de edición 23
100 1# - • PUNTO DE ACCESO PRINCIPAL-NOMBRE DE PERSONA
Nombre de persona Restrepo, Laura
Fechas asociadas al nombre 1950-
Término indicativo de función autor
245 10 - • TITULO PROPIAMENTE DICHO
Título Canción de antiguos amantes /
Mención de responsabilidad, etc. Laura Restrepo.
250 ## - • MENCIÓN DE EDICIÓN
Mención de edición Primera edición
264 #1 - PRODUCCIÓN, PUBLICACIÓN , DISTRIBUCIÓN, FABRICACIÓN Y COPYRIGHT
Lugar de producción, publicación, distribución, fabricación Bogotá :
Nombre del productor, editor, distribuidor, fabricante Penguin Random House Grupo Editorial,
-- Alfaguara,
Fecha de de producción, publicación, distribución, fabricación o copyright 2022.
264 #4 - PRODUCCIÓN, PUBLICACIÓN , DISTRIBUCIÓN, FABRICACIÓN Y COPYRIGHT
Fecha de de producción, publicación, distribución, fabricación o copyright 2022.
300 ## - • DESCRIPCIÓN FÍSICA
Extensión 396 páginas ;
Dimensiones 24 cm.
336 ## - TIPO DE CONTENIDO
Término de tipo de contenido texto
Código de tipo de contenido txt
Fuente rdacontent
337 ## - TIPO DE MEDIO
Nombre del tipo de medio sin mediación
Código del tipo de medio n
Fuente rdamedia
338 ## - TIPO DE SOPORTE
Nombre del tipo de soporte volumen
Código del tipo de soporte nc
Fuente rdacarrier
490 1# - • MENCIÓN DE SERIE
Mención de serie Narrativa hispánica
500 ## - • NOTA GENERAL
Nota general Incluye datos biográficos y cronología de la obra literaria del autor en la solapa del libro
505 00 - • NOTA DE CONTENIDO CON FORMATO
Información varia (R ) I.
Título (R ) Apariciones :
-- Pequeña cosa que aparece ;
-- El llamado del deseo ;
-- Pata de cabra ;
-- Mi desjarretada adolescencia ;
-- El encierro fecundo ;
-- Yo, el buey mudo ;
-- Viudas, putas, mendigas ;
-- Tras la quimera ;
-- Oración al santo azul ;
-- ¿Me llaman? ¿A mí?--
Información varia (R ) II.
Título (R ) Sacrificios :
-- El árbol negro ;
-- La antiquísima ;
-- Oración al tenebroso ;
-- Pata de cabra vs el matarife ;
-- Los tres pisos de tu culpa ;
-- Danza con hienas ;
-- Pata de cabra y el rey lejano ;
-- La tiara Nur Ul Ain ;
-- La dinastía pedauque --
Información varia (R ) III.
Título (R ) Nocturnos :
-- Ardiente luna roja ;
-- Hay que pensarlo bien ;
-- Círculo de piedra ;
-- La pasión del ciervo ;
-- Los ojos de un niño ;
-- Caballo verde ;
-- La liga del hacha ;
-- Oración a Lucy ;
-- El latido de la vida ;
-- Una noche de amor mil años antes de Cristo
520 3# - • NOTA DE RESUMEN
Resumen, etc, Obsesionado con la reina de Saba, Bos Mutas, un joven escritor contemporáneo, sale a buscarla por el mundo, igual que hicieron a lo largo de los siglos personajes históricos como Salomón, Tomás de Aquino y Gérard de Nerval. Y aunque la reina de Saba resulta inasible, Bos Mutas encuentra en su lugar a la muy terrenal Zahra Bayda, una partera somalí. De esa manera, el tiempo real del presente corre paralelo al tiempo inmemorial del mito. Obra de ficción basada en los viajes que la autora hizo con Médicos Sin Fronteras por Yemen, Etiopía y la frontera somalí -la geografía mágica y feroz del que alguna vez fuera el reino de Saba-, esta novela es un hermoso caleidoscopio, una puerta de entrada a mundos apasionantes, una audaz amalgama de géneros, ápocas, ritmos profanos y bíblicos, crueldad y solidaridad, amor y guerra, dolor y curación. Laura Restrepo acompaña, con este emocionante relato, el eterno caminar de las mujeres migrantes que pese a cojeras y tropiezos siempre se levantan, siguen adelante, aprenden a mirar cada vez más lejos y traspasan las fronteras del tiempo y el espacio. Canción de antiguos amantes esboza una propuesta seductora: ¿y si el gran himno del final de los tiempos no es el Apocalipsis? ¿Y si fuera más bien el Cantar de los Cantares?.-- Contracubierta
600 14 - • PUNTO DE ACCESO ADICIONAL DE MATERIA - NOMBRE DE PERSONA
Nombre de persona Saba,
Subdivisión de forma (R ) Novelas
650 17 - • PUNTO DE ACCESO ADICIONAL DE MATERIA - TÉRMINO DE MATERIA
Término de materia o nombre geográfico como elemento inicial Novela histórica colombiana
Subdivisión cronológica Siglo XXI
Fuente del encabezamiento o término LEMB
650 17 - • PUNTO DE ACCESO ADICIONAL DE MATERIA - TÉRMINO DE MATERIA
Término de materia o nombre geográfico como elemento inicial Autoras colombianas
Subdivisión cronológica Siglo XXI
Fuente del encabezamiento o término LEMB
650 17 - • PUNTO DE ACCESO ADICIONAL DE MATERIA - TÉRMINO DE MATERIA
Término de materia o nombre geográfico como elemento inicial Mujeres en la literatura
Subdivisión de forma Novela
Fuente del encabezamiento o término LEMB
650 17 - • PUNTO DE ACCESO ADICIONAL DE MATERIA - TÉRMINO DE MATERIA
Término de materia o nombre geográfico como elemento inicial Migración humana en la literatura
Subdivisión de forma Novela
Fuente del encabezamiento o término LEMB
650 17 - • PUNTO DE ACCESO ADICIONAL DE MATERIA - TÉRMINO DE MATERIA
Término de materia o nombre geográfico como elemento inicial Personajes bíblicos
Subdivisión de forma Novelas
Fuente del encabezamiento o término BNE
650 17 - • PUNTO DE ACCESO ADICIONAL DE MATERIA - TÉRMINO DE MATERIA
Término de materia o nombre geográfico como elemento inicial Relatos de viajes
Subdivisión de forma Novela
Fuente del encabezamiento o término LEMB
650 17 - • PUNTO DE ACCESO ADICIONAL DE MATERIA - TÉRMINO DE MATERIA
Término de materia o nombre geográfico como elemento inicial Amor en la litertura
Subdivisión de forma Novela
Fuente del encabezamiento o término LEMB
651 #7 - • PUNTO DE ACCESO ADICIONAL DE MATERIA - NOMBRE GEOGRÁFICO
Nombre geográfico Yemen
Subdivisión de forma Novelas
651 #7 - • PUNTO DE ACCESO ADICIONAL DE MATERIA - NOMBRE GEOGRÁFICO
Nombre geográfico Etiopía
Subdivisión de forma Novelas
651 #7 - • PUNTO DE ACCESO ADICIONAL DE MATERIA - NOMBRE GEOGRÁFICO
Nombre geográfico Somalia
Subdivisión de forma Novelas
830 #0 - • PUNTO DE ACCESO ADICIONAL DE SERIE - TÍTULO UNIFORME
Título uniforme Narrativa hispánica (Alfaguara)
942 ## - ENTRADA DE ELEMENTOS AGREGADOS (KOHA)
Fuente de clasificaión o esquema Dewey Decimal Classification
Koha [por defecto] tipo de item LIbro
Existencias
Perdido Fuente de clasificación o esquema Estado Físico No para préstamo Forma de adquisición Localización permanente Localización actual Localización en estanterías Fecha adquisición Préstamos totales Signatura completa Código de barras Fecha última consulta Número de copia Fecha del precio de reemplazo Tipo de item de Koha
  Clasificación Local Facetada     Literatura General Biblioteca Pública San Juanito - Ernesto Maria Peña Romero Biblioteca Pública San Juanito - Ernesto Maria Peña Romero Literatura 02/19/2026   N RES2 SJU02678 02/19/2026 Ej.1 02/19/2026 Libro Literatura









Instituto Departamental de Cultura del Meta - Red Departamental de Bibliotecas Públicas del Meta.